Quiera el pueblo votar? : historia electoral argentina, desde la revolución de mayo, a la ley saénz /
Guardado en:
| Autor Principal: | |
|---|---|
| Formato: | Libro |
| Publicado: |
Bahía Blanca :
V. M. Giner,
1963
|
| Materias: | |
| Etiquetas: |
Agregar Etiqueta
Sin Etiquetas, Sea el primero en etiquetar este registro!
|
| LEADER | 00549nam a22001695a 4500 | ||
|---|---|---|---|
| 001 | CEM.cems004792 | ||
| 005 | 20060217000000.0 | ||
| 008 | 130507s1963##################000#0#####d | ||
| 003 | CEMS | ||
| 082 | 0 | 4 | |a 982.05 |
| 100 | 1 | |a Ortega, Exequiel Cesar | |
| 245 | 1 | 0 | |a Quiera el pueblo votar? : |b historia electoral argentina, desde la revolución de mayo, a la ley saénz / |
| 260 | |a Bahía Blanca : |b V. M. Giner, |c 1963 | ||
| 300 | |a 630 p. | ||
| 653 | |a Historia | ||
| 653 | |a Historia argentina | ||
| 859 | |a CEMS |b BIB. CEMS - 11 de abril |h 982.05 |i Or8-1 |p 13761.85 |t Ej.1 | ||
